Statistics for Volkswagen model quiz (hard)

Click here to take the quiz!

General Stats

  • This quiz has been taken 40 times
  • The average score is 2 of 15

Answer Stats

Answer% Correct
Gol
92%
Jetta
70%
Ameo
14%
Routan
11%
Brasilia
5%
Country Buggy
5%
Passat Lingyu
3%
Taro
3%
Teramont X
3%
Apollo
0%
Bora HS
0%
Corsar
0%
C-Trek
0%
SP2
0%
Taigun
0%

Score Distribution

Percentile by Number Answered

Percent of People with Each Score

Your Score History

You have not taken this quiz